000
00328nam a22001457a 4500
008
221121b ||||| |||| 00| 0 eng d
020
_a
0934235112
041
_a
eng
080
_2
VOLUME 4
_a
94
082
_a
94 DON
100
_a
28
101
_a
HIS
245
_a
OSIRIS THE CHEMICAL REVOLUTION
_c
DONOVAN A
942
_2
udc
_c
BK
999
_c
58972
_d
58972